Normal view
MARC view
- البلاغة العربية-الأدب العربي
Entry Topical Term
001 - CONTROL NUMBER
- control field: 43330
003 - CONTROL NUMBER IDENTIFIER
- control field: JO-AjAnu
005 - DATE AND TIME OF LATEST TRANSACTION
- control field: 20230606081201.0
008 - FIXED-LENGTH DATA ELEMENTS
- fixed length control field: 230606|| aca||aabn | a|a d
040 ## - CATALOGING SOURCE
- Original cataloging agency: JO-AjAnu
- Transcribing agency: JO-AjAnu
150 ## - HEADING--TOPICAL TERM
- Topical term or geographic name entry element: البلاغة العربية-الأدب العربي
670 ## - SOURCE DATA FOUND
- Source citation: Work cat.: (JO-AjAnu)22188: صالح حسن، جمال محمد, author 43329, الجهود النقدية والبلاغية عند العرب حتى القرن السابع الهجري